| 000 | 00689nam a2200229Ia 4500 | ||
|---|---|---|---|
| 999 |
_c28488 _d28488 |
||
| 003 | GCL | ||
| 005 | 20240530101904.0 | ||
| 008 | 140319s9999 xx 000 0 ara d | ||
| 040 |
_aGCL / _cGCL |
||
| 082 | 0 | 4 |
_a184 _bت ق |
| 100 | 1 | _aتيلور | |
| 245 | 1 | 0 |
_aالقوانين لافلاطون / _cبتلور |
| 260 |
_a[S.N] : _bالهيئة المصرية العامة للكتاب ، _c1986 |
||
| 300 | _a571 ص | ||
| 490 |
_aنصوص فلسفية _v0 |
||
| 650 | 0 | 4 | _aالفلسفة |
| 650 | 0 | 4 | _aالفلسفة اليونانية |
| 650 | 0 | 4 | _aافلاطون |
| 650 | 0 | 4 | _aالفلسفة القديمة |
| 700 | 1 | _aمحمد حسن ظاظا (مترجم) | |
| 942 |
_2ddc _cBK |
||